00402 2200181 4500001002100000005001500021035002000036245002800056100002000084250000600104300001100110856001200121260003900133082000800172084001400180990001300194990001300207INLIS00000000000159420250422090722 a0010-04250000101 aLIPU /cDrs. La Ode Boa0 aDrs. La Ode Boa a1 a71 hlm aRak 800 aJakarta :bPT. Dian Ariesta,c2002 a813 a813 DRS l a03.20133 a03.20134